[Event "Sitges op 48th"]
[Site "Sitges"]
[Date "2024.07.24"]
[Round "3"]
[White "Denaes, Antoine"]
[Black "Srijak, Sengupta"]
[Result "1/2-1/2"]
[WhiteElo "2016"]
[BlackElo "1904"]
[PlyCount "45"]
[EventDate "2024.07.22"]
[EventType "swiss"]
[EventRounds "9"]
[EventCountry "ESP"]
[SourceTitle "CBM 221 Extra"]
[Source "ChessBase"]
[SourceDate "2024.09.30"]
[SourceVersion "1"]
[SourceVersionDate "2024.09.30"]
[SourceQuality "1"]

1. e4 c5 2. c3 Nf6 3. e5 Nd5 4. Nf3 e6 5. d4 cxd4 6. cxd4 d6 7. Bc4 Nb6 8. Bb5+ Bd7 9. Qe2 a6 10. Bd3 Nc6 11. 0-0 Nb4 12. Nc3 Nxd3 13. Qxd3 d5 14. Bg5 Be7 15. Bxe7 Qxe7 16. Nd2 0-0 17. Nb3 Na4 18. Nxa4 Bxa4 19. Rfc1 Bxb3 20. Qxb3 Rfc8 21. Rc3 b5 22. Rac1 Rc4 23. Rxc4 1/2-1/2